000 00902nam a2200253Ia 4500
003 GCL
008 140319s9999 xx 000 0 ara d
040 _aGCL /
_cGCL
082 0 4 _a327.1011
_bم و
100 1 _aمعهد البحوث والدراسات العربية
245 1 0 _aالوطن العربى والمتغيرات العالمية /
_cمعهد البحوث والدراسات العربية
260 _a[S.N] :
_bمعهد البحوث والدراسات العربية ،
_c1991
300 _a411 ص
490 _a
650 0 4 _aالاتحاد السوفيتى
650 0 4 _aالنزاع العربى الاسرائيلى
650 0 4 _aالوطن العربى
650 0 4 _aالبترول
650 0 4 _aسياسة
650 0 4 _aالسوق العالمية
650 0 4 _aالنظام الدولى
650 0 4 _aالنظام العالمى الحديث
942 _2ddc
_cBK
999 _c30639
_d30639